All County Seats of Iowa on a Map - Statistics

General Stats
  • This quiz has been taken 224 times
  • The average score is 60 of 100
Answers on the Map
Answers color-coded by a green-red scale on the quiz's map according to % correct below.
 
Answer Stats
County Seat % Correct
Des Moines
100%
Cedar Rapids
98%
Sioux City
97%
Davenport
96%
Iowa City
96%
Waterloo
94%
Dubuque
93%
Council Bluffs
92%
Mason City
87%
Clinton
84%
Fort Dodge
84%
Marshalltown
83%
Burlington
82%
Keokuk
82%
Indianola
80%
Muscatine
80%
Ottumwa
80%
Boone
78%
Newton
78%
Washington
76%
Fort Madison
74%
Oskaloosa
73%
Nevada
71%
Atlantic
70%
Carroll
70%
Jefferson
70%
Storm Lake
70%
Charles City
69%
Webster City
69%
Spencer
68%
Grundy Center
67%
Guthrie Center
66%
Osceola
66%
Winterset
64%
Knoxville
63%
Spirit Lake
63%
Algona
62%
Le Mars
62%
Maquoketa
62%
Mount Pleasant
62%
Pocahontas
62%
Orange City
61%
Sac City
61%
Waukon
61%
Creston
60%
Decorah
60%
Ida Grove
60%
Waverly
60%
Elkader
59%
Adel
58%
Anamosa
58%
Audubon
57%
Cresco
56%
Denison
56%
Fairfield
56%
Greenfield
56%
Independence
56%
Red Oak
54%
Toledo
54%
Cherokee
53%
Rock Rapids
53%
Vinton
53%
Wapello
53%
Harlan
52%
Clarinda
51%
Manchester
51%
Montezuma
51%
Sibley
50%
Tipton
50%
Emmetsburg
49%
Estherville
49%
Forest City
49%
Bloomfield
48%
Centerville
48%
Chariton
48%
Primghar
48%
Dakota City
47%
Eldora
47%
Corning
46%
Corydon
46%
Mount Ayr
46%
Rockwell City
46%
Hampton
44%
New Hampton
44%
Sidney
44%
Onawa
43%
Albia
42%
Keosauqua
41%
Clarion
40%
Leon
40%
Allison
39%
Garner
39%
Logan
39%
Northwood
38%
West Union
36%
Marengo
32%
Glenwood
30%
Osage
30%
Sigourney
24%
Bedford
21%
No matching quizzes found
Score Distribution
Percent of People with Each Score
Percentile by Number Answered
Your Score History
You have not taken this quiz